Minecraft movie quiz - Statistics

General Stats
  • This quiz has been taken 1,223 times
    1,222 since last reset
  • The average score is 6 of 10
Answer Stats
Hint Answer % Correct
Who is jack black? Steve
100%
What does jack black use to light the nether portal? Flint and steel
83%
What did jack black yearn for as a child? The mines
79%
What does jason momoa have to fight? Chicken Jockey
70%
What does jack black say when he uses his water bucket? Release
70%
What do villagers love? Crushing loaf
54%
What does jack black say when he is falling? Coming in hot
49%
Name one of the contents of the Stash TNT | Firework rockets | Boots of swiftness | Diamond armour (full set) | Blades for days
49%
What is the item storage area called? The Stash
47%
What does jennifer coolidge say to the villager when she hits him with her car? Your head is huge
33%
No matching quizzes found
Score Distribution
Percent of People with Each Score
Percentile by Number Answered
Your Score History
You have not taken this quiz since the last reset